00981cam a22002775a 4500001001000000003000400010005001700014008004100031020002500072040004000097082002300137100002500160245005400185250001200239260006600251300003400317500002400351504003100375650005200406650004900458651001000507653002200517942000800539999001700547952013900564016747560OSt20160424140814.0140414s2014 enka frb 001 0 eng d z9780128008591 (hbk.) aStDuBDSbengcStDuBDSepndEG-ScBUE04a624.18341222bGUO1 aGuo, Zhenhai.93989310aPrinciples of reinforced concrete /cZhenhai Guo. a1st ed. aOxford ;aWaltham :bButterworth-Heinemann / Elsevier,c2014. axvi, 590 p. :bill. ;c24 cm. aIndex : p. 581-590. aBibliography : p. 559-580. 7aReinforced concrete construction.2BUEsh917951 7aBuildings, Reinforced concrete9398942BUEsh 2BUEsh bBUSADMcApril2016 2ddc c21677d21649 00102ddc40708AlahramaMAINbMAINc1STd2016-04-24ePurchaseg981.00l0o624.18341 GUOp000032404r2025-07-15 00:00:00v1226.25yBB